Marques de téléphones, TV, ordinateurs par logo - Statistiques

Statistiques générales
  • Ce quiz a été pris 33 fois
  • Le résultat moyen est 14 sur 87
Statistiques - réponses
Par images Réponse % Correct
Apple
86%
Google
79%
Acer
69%
LG / Lucky-Goldstar
62%
Samsung
62%
Asus
59%
Sony
59%
Dell
55%
Panasonic
52%
HP / Hewlett-Packard
48%
Huawei
48%
Motorola
48%
Energizer
38%
Nokia
38%
Philips
38%
Razer
38%
Thomson
38%
Xiaomi
38%
Alienware
34%
Gigabyte
31%
Toshiba
31%
Hisense
24%
Oppo
24%
Haier
21%
OnePlus
21%
ROG / Republic Of Gamers
21%
Aorus
17%
HMD
17%
Lenovo
17%
MSI / Micro-Star International
17%
Alcatel
14%
Hyundai Electronics
14%
JVC
14%
Sharp
14%
TCL
14%
Bittium
10%
Brondi
10%
Doro
10%
Grundig
7%
Honor
7%
TD Systems
7%
Vaio
7%
BenQ
3%
Blackview
3%
Condor
3%
Edenwood
3%
Hitachi
3%
Karbonn
3%
Logicom
3%
Realme
3%
Allview
0%
Blü
0%
Coolpad
0%
Crosscall
0%
Cubot
0%
Evercoss
0%
Evertek
0%
Gigaset
0%
Gionee
0%
HKC
0%
Infinix
0%
iQOO
0%
Itel
0%
Just5
0%
Krüger & Matz
0%
Kyocera
0%
Lava
0%
Medion
0%
Meizu
0%
Metz
0%
Multi / Multilaser
0%
myPhone
0%
Myria
0%
Oukitel
0%
RCA
0%
Sceptre
0%
Skyworth
0%
Starmobile
0%
Tecno
0%
Telefunken
0%
Ulefone
0%
Unihertz
0%
Vertu
0%
Vestel
0%
Vivo
0%
Wiko
0%
ZTE
0%
Aucun quiz correspondant
Distribution des résultats
% des personnes avec chaque résultat
Percentile par nombre de réponses
Votre historique - résultats
Vous n’avez pas pris ce quiz